000 004430000a22001690004500
003 MACL
005 20151219134514.0
008 151219b xxu||||| |||| 00| 0 eng d
040 _aMACL
_cMACL
041 _aEnglish
082 _a323/KRU
100 _aKruger, Dr K
_921363
245 _aKemalist Turkey and The Middle East
260 _bGeorge Allen & Unwin Ltd
_c1932
_aLondon
650 _aPolitical Science
_988
942 _cBK
_k323/KRU
_2ddc
999 _c39689
_d39689